000 00518cam a2200193 4500
008 000000n1993 000 0 eng u
020 _a090216760X
035 _a(Sirsi) u110833
050 _a693.82
110 _aFire Protection Association
_9231
245 _aPlanning company fire safety.
260 _aLondon
_bFPA
_c1993
300 _a96p. ; 21cm.
350 _a8.50
650 _aMANAGEMENT-HEALTH AND SAFETY-FIRE SAFETY
650 _aFIRE PREVENTION
690 _aHealth and safety
_96244
942 _n0
999 _c101138
_d101138